000 00674nam a22002177a 4500
005 20151002142503.0
008 151002b sp ||||| |||| 00| 0 spa d
020 _a843441533X
050 0 4 _aK3269
_bM35 1990
100 1 _aMalem Seña, Jorge Francisco
245 1 0 _aConcepto y justificación de la desobediencia civil /
_cJorge Francisco Malem Seña
250 _a1a ed.
260 _aBarcelona, España :
_bEditorial Ariel,
_c1990
300 _a238 p. ;
_c21 cm.
490 0 _aAriel Derecho
504 _aIncluye índice
650 7 _2LEMB
_aResistencia al gobierno
650 7 _2LEMB
_aResistencia civil
650 7 _2LEMB
_aDerecho
_xFilosofía
942 _2lcc
_cLIB
999 _c102118
_d102118